01125nam a2200193Ia 4500001001000000003001000010008004100020040002500061041001300086100004200099245004300141250001100184260005000195300001200245500026200257501011400519520026200633650003600895L208-2929IT-CnALBA170116s9999||||xx |||||||||||||| ||und|| aIT-CnALBAcIT-CnALBA aITALIANO aBELLARMINO ROBERTO, CARDINALE, SANTO. 0aDICHIARAZIONE DEL SIMBOLO APOSTOLICO.  a1a ed. aMILANObPIROLA L. DI GIAC., STAMPATORE cn.d. a108 p.  aINVOCAZIONE A S. GIUSEPPE. SIMBOLO APOSTOLICO. PADRE ONNIPOTENTE. CREDO. CREATORE DEL CIELO E DELLA TERRA. CREDO IN GESÙ CRISTO, FIGLIO DI DIO E SIGNORE DELL'UNIVERSO. CONCEZIONE DALLO SPIRITO SANTO. NASCITA DA MARIA LA VERGINE. PASSIONE MORTE E RESURREZI aSocietà San Paolo EM - Piazza San Paolo, 14 - 12051 ALBA (CN) (non commercial uses only) ® Copyright 2017 aINVOCAZIONE A S. GIUSEPPE. SIMBOLO APOSTOLICO. PADRE ONNIPOTENTE. CREDO. CREATORE DEL CIELO E DELLA TERRA. CREDO IN GESÙ CRISTO, FIGLIO DI DIO E SIGNORE DELL'UNIVERSO. CONCEZIONE DALLO SPIRITO SANTO. NASCITA DA MARIA LA VERGINE. PASSIONE MORTE E RESURREZI aPADRI E SCRITTORI ECCLESIASTICI